Statistics for Countries Closest to United States by Continent

Click here to take the quiz!

General Stats

  • This quiz has been taken 44,833 times
    (44,769 since last reset)
  • The average score is 25 of 30

Answer Stats

ContinentDistanceCountry% Correct
North America0 miMexico
100%
North America0 miCanada
99%
Europe2,555 miUnited Kingdom
97%
Asia1,366 miJapan
95%
North America93 miCuba
95%
Europe2,514 miIreland
94%
Europe2,815 miSpain
94%
Asia2 miRussia
94%
South America1,053 miColombia
93%
Europe1,852 miPortugal
93%
Europe2,026 miIceland
92%
Asia1,664 miChina
91%
South America1,758 miBrazil
91%
Africa3,161 miMorocco
90%
South America1,121 miVenezuela
90%
South America1,756 miPeru
87%
Asia2,300 miSouth Korea
87%
North America53 miBahamas
85%
Asia2,042 miNorth Korea
85%
South America1,612 miEcuador
85%
North America471 miJamaica
78%
Africa3,341 miAlgeria
70%
Africa3,276 miMauritania
69%
Africa3,529 miSenegal
68%
Oceania1,035 miKiribati
67%
Oceania2,509 miSamoa
67%
Oceania2,127 miMarshall Islands
65%
Africa3,074 miCape Verde
64%
Oceania2,485 miTuvalu
64%
Oceania2,700 miNauru
61%

Score Distribution

Percentile by Number Answered

Percent of People with Each Score

Your Score History

You have not taken this quiz since the last reset